Introducción a las doctrinas político-económicas

Gespeichert in:
Bibliographische Detailangaben
1. Verfasser: Montenegro, Walter (autor)
Format: Buch
Sprache:Spanisch
Veröffentlicht: Ciudad de México Fondo de Cultura Económica 1956
Schriftenreihe:Brevarios del Fondo de Cultura Económica
Schlagworte:
Tags: Tag hinzufügen
Keine Tags, Fügen Sie den ersten Tag hinzu!

MARC

LEADER 00000nam a2200000 a 4500
001 UCW9577
003 CL-VaPUC
008 890518e19560000MX |||||||||||||||||spa|d
082 0 4 |a 324.2  |b MON  |2 21 
100 |a Montenegro, Walter  |e autor  |9 378724 
245 1 0 |a Introducción a las doctrinas político-económicas 
300 |a 202 p 
942 |c BK 
945 |d 19890518 00:00:00 
260 |a Ciudad de México  |b Fondo de Cultura Económica  |c 1956 
650 0 |a Liberalismo  |9 255715 
650 0 |a Socialismo  |9 255260 
650 0 |a Anarquismo  |9 269177 
650 7 |a MARXISMO  |2 CL-VaPUC  |9 314892 
583 |a last modification  |c 19890518 00:00:00  |k Rodrigo Vera 
490 0 |a Brevarios del Fondo de Cultura Económica 
999 |c 221509  |d 221507 
952 |0 0  |1 0  |4 0  |6 324_200000000000000_MON_1956  |7 0  |8 A  |9 214918  |a BIBHIS  |b BIBHIS  |d 2019-11-15  |i 2834804  |o 324.2 MON 1956  |p 2834804  |r 2025-01-20  |w 2019-11-15  |y BK  |k HIS 
952 |0 0  |1 0  |4 0  |6 324_200000000000000_MON_1956  |7 0  |8 A  |9 214919  |a BIBHIS  |b BIBHIS  |d 2019-11-15  |i 1348515  |o 324.2 MON 1956  |p 1348515  |r 2025-01-20  |w 2019-11-15  |y BK  |k HIS